| 000 | 00608nam a2200217Ia 4500 | ||
|---|---|---|---|
| 005 | 20260429112016.0 | ||
| 008 | 260429s9999||||xx |||||||||||||| ||und|| | ||
| 020 | _a9781032812809 | ||
| 041 | _aEnglish | ||
| 082 |
_a337 _bMIN |
||
| 100 | _aMinenna, Marcello | ||
| 245 | 0 |
_aG20 economic policy : _ba balance of payments framework / _cMarcello Minenna |
|
| 250 | _a1st ed. | ||
| 260 |
_aNew Delhi : _bRoutledge, _c2025. |
||
| 300 | _axvii, 236 p.; hb | ||
| 650 | _a Balance of payments | ||
| 650 | _a Economic policy | ||
| 650 | _a G20 countries | ||
| 650 | _aInternational economics | ||
| 942 | _cTB | ||
| 999 |
_c51864 _d51864 |
||